Konečný automat a jeho použitie na opis správania sa synchrónneho sekvenčného obvodu - aplikácia pod OS Windows

Gespeichert in:
Bibliographische Detailangaben
1. Verfasser: Ďarmek, Vratislav, 1986- (Verfasst von)
Weitere Verfasser: Tomalová, Elena, 1947- (xxx)
Format: Manuskript Buch
Sprache:Slowakisch
Veröffentlicht: STU v Bratislave FIIT, 2008
Schlagworte:
Tags: Tag hinzufügen
Keine Tags, Fügen Sie das erste Tag hinzu!

MARC

LEADER 00000ntm a22000003a 4500
001 stu166623
005 20150617230005.6
008 080714s2008----xo------------------slo-d
040 |a STU  |b slo 
041 0 |a slo 
044 |a xo 
100 1 |a Ďarmek, Vratislav,  |d 1986-  |4 aut  |u I100  |U FIIT Fakulta informatiky a informačných technológií  |T FIIT Ústav počítačových systémov a sietí  |X 17533  |U I100  |Y 178  |7 A000017533 
245 1 |a Konečný automat a jeho použitie na opis správania sa synchrónneho sekvenčného obvodu - aplikácia pod OS Windows 
260 |b STU v Bratislave FIIT,  |c 2008 
300 |a 19 s  |c príl. 
650 7 |a počítačové inžinierstvo  |2 stusub 
700 1 |a Tomalová, Elena,  |d 1947-  |4 xxx  |u I100  |U FIIT Fakulta informatiky a informačných technológií  |T FIIT Ústav počítačových systémov a sietí  |X 1826  |U I100  |Y 178  |7 A000001826 
996 |c I*BAP34/08  |l I  |s P  |a 0  |w stu166623_0001